000 00422nam a2200181Ia 4500
001 8920
003 GE_BSU
008 181216s||||||||xx |||||||||||||| ||und||
040 _cGE_BSU
245 _aParis Match, du 30 janvier au 5fevrier №3376. 2014.
245 _b№3376
245 _cdir.red. O.Royant.
260 _aParis
260 _c2014
300 _a1080 p. Ill. 29cm.
653 _aParis Match
942 _cCR
999 _c42225
_d42225